| Tag |
First Indicator |
Second Indicator |
Subfields |
| LEADER |
00000cam a2200000 a 4500 |
| 001 |
in00000086133 |
| 005 |
20151008062549.0 |
| 008 |
810922s1981 enkabf b 00110beng d |
| 020 |
|
|
|a 0510262619
|
| 035 |
|
|
|a (OCoLC)07782154
|
| 035 |
|
|
|9 AAK0486AM
|
| 040 |
|
|
|a IWA
|c IWA
|d TXA
|d UtOrBLW
|
| 043 |
|
|
|a e-uk---
|
| 049 |
|
|
|a TXAM
|c [1561036]
|
| 090 |
|
|
|a DA257
|b .G68 1981a
|
| 100 |
1 |
|
|a Griffiths, Ralph A.
|q (Ralph Alan),
|d 1937-
|
| 245 |
1 |
4 |
|a The reign of King Henry VI :
|b the exercise of royal authority, 1422-1461 /
|c Ralph A. Griffiths.
|
| 264 |
|
1 |
|a London :
|b Ernest Benn,
|c 1981.
|
| 300 |
|
|
|a xxiv, 968 pages, 32 unnumbered pages of plates :
|b illustrations, maps ;
|c 25 cm.
|
| 336 |
|
|
|a text
|b txt
|2 rdacontent
|
| 337 |
|
|
|a unmediated
|b n
|2 rdamedia
|
| 338 |
|
|
|a volume
|b nc
|2 rdacarrier
|
| 500 |
|
|
|a Includes index.
|
| 504 |
|
|
|a Bibliography: 907-933.
|
| 600 |
0 |
0 |
|a Henry
|b VI,
|c King of England,
|d 1421-1471.
|
| 651 |
|
0 |
|a Great Britain
|x History
|y Henry VI, 1422-1461.
|
| 651 |
|
0 |
|a Great Britain
|x Kings and rulers
|v Biography.
|
| 999 |
|
|
|a MARS
|
| 999 |
f |
f |
|s a1ab7950-cda4-3c8c-867b-b5fc81cd8297
|i 1f12503a-29c0-3396-964f-9d855b2e45ca
|t 0
|
| 952 |
f |
f |
|p ric
|a Texas A&M University
|b Rellis Campus
|c Joint Library Facility
|d Remote Storage
|t 0
|e DA257 .G68 1981a
|h Library of Congress classification
|i unmediated -- volume
|m A14806096357
|
| 998 |
f |
f |
|a DA257 .G68 1981a
|t 0
|l Remote Storage
|